000 00738cab a2200229 4500
001 WB3516-02
008 090401t1999 xxu||||| |||| 00| 0 eng d
035 _a(Sirsi) u93067
041 _aeng
245 _aDETR wants one vetting scheme
260 _c1999
350 _a0
490 _aContract Journal
_v28 April 1999, 2(1)
520 _aThe DETR believes that Constructionline should be the sole provider of a national prequalification system, and is urging all clients in the private and public sectors to use its registration scheme.
650 _aAPPROVED CONTRACTORS
650 _aCONSTRUCTIONLINE
650 _aDETR
650 _aPREQUALIFICATION
690 _aBUILT ENVIRONMENT
942 _n0
948 _c29/04/1999
999 _c58986
_d58986